Venom : el enemigo interno /

Guardado en:
Detalles Bibliográficos
Otros autores: Potts, Carl (texto) (texto), Lyle, Tom (dibujante) (dibujante), Martínez, Mayra (edición) (edición), Torres Ruiz, Gerardo (coordinación editorial) (coordinación editorial)
Formato: Libro
Idioma:Español
Publicado: México : Marvel, 2021, c2021
Colección:(Marvel Deluxe)
Temas:
Etiquetas: Agrega una etiqueta
Sin etiquetas, Sé el primero en etiquetar este registro!

MARC

LEADER 00000nam^a2200000^a^4500
001 000449453
005 20250521000000.0
009 20260310123723.404
037 |a Acervo ITESO - Biblioteca 
041 |a ESP 
082 |a 808. 83929  |b VEN 
240 1 1 |a [Venom] 
245 0 0 |a Venom :  |b el enemigo interno /  |c Texto de C. Potts... [et al.] ; dibujo de T. Lyle... [et al.] ; ed. de M. Martínez ; coord. editorial y tr. por G. Torres ruiz. 
264 4 |a México :  |b Marvel,  |c 2021, c2021 
300 |a 234 p. 
336 |a texto  |b txt  |2 rdacontenido 
337 |a sin mediación  |b n  |2 rdamedio 
338 |a volumen  |b nc  |2 rdasoporte 
440 1 |a (Marvel Deluxe) 
649 |a XX 
650 |a Científicos en la Literatura 
650 |a Héroes de Ficción en la Literatura 
650 |a Monstruos en la Literatura 
650 |a Seres Fantásticos en la Literatura 
650 |a Novela Gráfica -  |z EUA 
650 |a Novela Norteamericana 
650 |a Literatura Norteamericana -  |y Siglo XXI 
700 |a Potts, Carl  |e (texto) 
700 |a Lyle, Tom  |e (dibujante) 
700 |a Martínez, Mayra  |e (edición) 
700 |a Torres Ruiz, Gerardo  |e (coordinación editorial) 
910 |a Fondo General 
920 |a Impresos - Libros 
930 |a Colección General 
940 |a Literatura 
905 |a 101 
901 |a 0500368292  |b IT1  |c LIT  |i C179386  |u 20250521 
902 |a https://opac.biblio.iteso.mx/vufind/Record/000449453